Fraktionslose Bundestagsabgeordnete 2024 - Statistiken

Allgemein
  • Dieses Quiz wurde 26 mal gespielt
  • Das Durchschnittsergebnis liegt bei 5 aus 7
Antwortstatistiken
Bildquiz Antwort % Korrekt
Robert Farle
88%
Matthias Helferich
80%
Joana Cotar
76%
Stefan Seidler
76%
Uwe Witt
60%
Thomas Seitz
48%
Johannes Huber
44%
Keine übereinstimmenden Quizze gefunden
Verteilung der Resultate
Anzahl Personen mit jedem Resultat
Perzentil nach korrekt beantworteten Fragen
Ihre Resultats-Entwicklung
Sie haben dieses Quiz noch nicht gespielt